| 000 | 00481nam a2200121Ia 4500 | ||
|---|---|---|---|
| 008 | 170221s9999 xx 000 0 und d | ||
| 100 | _aHalil Sadrettin | ||
| 245 | _aMedia Systems, Politics and Press Freedom: Perspectives on Contemporary Russia and Nigeria | ||
| 245 | _cHalil Sadrettin, Pelin Bayram, Lawrence Emeagwali | ||
| 260 | _bInternational Review of Management and Marketing | ||
| 650 | _xMarketing. | ||
| 856 | _uhttp://www.econjournals.com/index.php/irmm/issue/view/82 | ||
| 999 |
_c314070 _d314070 |
||